Joueurs danois sélectionnés à l'Euro 2024 - Statistiques

Statistiques générales
  • Ce quiz a été pris 10 fois
  • Le résultat moyen est 10 sur 27
Statistiques - réponses
Poste Club Numéro Joueur % Correct
Défenseur FC Barcelone (Espagne) 6 Andreas Christensen
89%
Milieu de terrain Manchester United (Angleterre) 10 Christian Eriksen
89%
Gardien Anderlecht (Belgique) 1 Kasper Schmeichel
89%
Défenseur AS Rome (Italie) 25 Rasmus Kristensen
89%
Défenseur AC Milan (Italie) 4 Simon Kjær
78%
Défenseur Crystal Palace (Angleterre) 2 Joachim Andersen
56%
Attaquant Manchester United (Angleterre) 9 Rasmus Højlund
56%
Attaquant RB Leipzig (Allemagne) 20 Yussuf Poulsen
56%
Défenseur Benfica (Portugal) 18 Alexander Bah
44%
Sélectionneur - - Kasper Hjulmand
44%
Milieu de terrain Sporting CP (Portugal) 21 Morten Hjulmand
44%
Défenseur Leicester (Angleterre) 3 Jannik Vestergaard
33%
Attaquant Brentford (Angleterre) 14 Mikkel Damsgaard
33%
Attaquant Club Bruges (Belgique) 11 Andreas Skov Olsen
22%
Milieu de terrain Brentford (Angleterre) 15 Christian Nørgaard
22%
Défenseur VfL Wolfsburg (Allemagne) 5 Joakim Mæhle
22%
Attaquant VfL Wolfsburg (Allemagne) 19 Jonas Wind
22%
Milieu de terrain Brentford (Angleterre) 7 Mathias Jensen
22%
Défenseur Brentford (Angleterre) 13 Mathias Jørgensen
22%
Milieu de terrain Tottenham (Angleterre) 23 Pierre-Emile Højbjerg
22%
Milieu de terrain Anderlecht (Belgique) 8 Thomas Delaney
22%
Milieu de terrain Anderlecht (Belgique) 24 Anders Dreyer
11%
Gardien Union Berlin (Allemagne) 22 Frederik Rønnow
11%
Milieu de terrain TSG 1899 Hoffenheim (Allemagne) 26 Jacob Bruun Larsen
11%
Gardien Leicester (Angleterre) 16 Mads Hermansen
11%
Défenseur Bologne FC (Italie) 17 Victor Kristiansen
11%
Attaquant Anderlecht (Belgique) 12 Kasper Dolberg
0%
Aucun quiz correspondant
Distribution des résultats
% des personnes avec chaque résultat
Percentile par nombre de réponses
Votre historique - résultats
Vous n’avez pas pris ce quiz